000 00376nam a2200145Ia 4500
005 20250509034312.0
008 240331s9999 xx 000 0 und d
082 _a291
_bROT
100 _a Rotuba Premarathane Thera,
245 0 _aBuddha kaleena bharatheeya aagam
260 _aColombo
_bEdna Enterprises
_c1993
300 _a104 p .,
500 _aBook on Buddhism
942 _cL
999 _c834
_d834